Chinese horoscopes

সংরক্ষণ করুন:
গ্রন্থ-পঞ্জীর বিবরন
প্রধান লেখক: Delsol, Paula
বিন্যাস: গ্রন্থ
ভাষা:Undetermined
প্রকাশিত: London Pan Books 1973
বিষয়গুলি:
ট্যাগগুলো: ট্যাগ যুক্ত করুন
কোনো ট্যাগ নেই, প্রথমজন হিসাবে ট্যাগ করুন!
Thư viện lưu trữ: Trung tâm Học liệu Trường Đại học Cần Thơ
LEADER 00466nam a2200181Ia 4500
001 CTU_91446
008 210402s9999 xx 000 0 und d
082 |a 133.59251 
082 |b D365 
100 |a Delsol, Paula 
245 0 |a Chinese horoscopes 
245 0 |c Paula Delsol 
260 |a London 
260 |b Pan Books 
260 |c 1973 
650 |a Astrology, chinese,Horoscopes 
904 |i Nguyên 
980 |a Trung tâm Học liệu Trường Đại học Cần Thơ